000 00785cam a2200217 i 4500
005 20260202104200.0
008 250721s2003 ua gr 000 0 ara d
020 _a9772003570
082 1 4 _a371.9
_bج ل ج
100 1 _aجلجل، نصرة عبد المجيد
_eمؤلفة.
245 1 2 _aالدسلكسيا الإعاقة المختفية /
_cدكتورة نصرة عبد المجيد جلجل.
250 _aالطبعة الأولى.
264 3 1 _aالقاهره :
_bمكتبة النهضة المصرية،
_c2003.
300 _a223 صفحة.
490 0 _aالدسلكسيا
_vرقم 2
650 1 7 _aالتربية الخاصة.
650 1 7 _aصعوبات التعلم.
650 1 7 _aبطء التعلم.
942 _2ddc
_cBK
999 _c106448
_d106448